Sauces and Dips - Sudden Death - Statistics

General Stats
  • This quiz has been taken 162 times
  • The average score is 6 of 16
Answers on the Grid
Answers color-coded by a green-red scale on the quiz's grid according to % correct below.
Chimichurri
Hummus
Dijon mustard
Tzatziki
Tkemali
Bajan pepper sauce
Romesco
Marinara
Baba ghanoush
Pesto
Tamagoyaki
Balut
Tourtière
Brési
Katsu-sando
Bhajji / Bajji
French dip / Beef dip
Polvorón
Crab dip
Ssamjang
Bordelaise
Shio-dare
Nam chim kai
Béarnaise
Churro
Hoshi-imo
Poc chuc
Fanouropita
 
Answer Stats
Answer % Correct
Pesto
72%
Tzatziki
67%
Dijon mustard
65%
Hummus
62%
Marinara
61%
Crab dip
56%
Chimichurri
46%
Béarnaise
38%
Bajan pepper sauce
36%
Baba ghanoush
33%
Bordelaise
18%
Romesco
16%
Ssamjang
10%
Nam chim kai
2%
Shio-dare
2%
Tkemali
1%
No matching quizzes found
Score Distribution
Percent of People with Each Score
Percentile by Number Answered
Your Score History
You have not taken this quiz